Theodor Leschetizky
| Titel: | Theodor Leschetizky : eine Studie des Menschen und Musikers aus persönlicher Bekanntschaft / Angèle Potocka ; aus dem Amerikanischen ins Deutsche übertragen und kommentiert von Burkhard Muth |
|---|---|
| Verfasser: | |
| Beteiligt: | |
| Ausgabe: | 2. rev. Auflage |
| Veröffentlicht: | Fernwald : Musikverlag Burkhard Muth, 2016 |
| Umfang: | 320 Seiten : Illustrationen |
| Format: | Buch |
| Sprache: | Deutsch |
| Schriftenreihe/ mehrbändiges Werk: |
Studien, Beiträge und Materialien zur Leschetizky-Forschung ; Band 2 |
| Einheitssachtitel: | Theodore Leschetizky |
| ISBN: | 9783929379419 |
alg: 52959853 001A $03004:05-05-25 001B $03004:05-05-25 $t10:20:31.000 001D $03004:05-05-25 001U $0utf8 001X $00 002@ $0Aau 002C $aText $btxt $2rdacontent 002D $aohne Hilfsmittel zu benutzen $bn $2rdamedia 002E $aBand $bnc $2rdacarrier 003@ $0529598531 003O $0941729620 $aOCoLC 004A $A978-3-929379-41-9 010@ $ager 010E $erda 011@ $a2016 021A $aTheodor Leschetizky $deine Studie des Menschen und Musikers aus persönlicher Bekanntschaft $hAngèle Potocka ; aus dem Amerikanischen ins Deutsche übertragen und kommentiert von Burkhard Muth 022A $aTheodore Leschetizky 028A $BVerfasser $#Zamoyska, Angela Potocka $#Potocka Zamoyska, Angela $#Potocka, Angèle $4aut $71070115908 $8Potocka, Angela$lGräfin$Z1850-1917 [Tp1] $9358383323 028C $BÜbersetzer $4trl $7135197198 $8Muth, Burkhard$Z1953- [Tp3] $9201110911 032@ $a2. rev. Auflage 033A $pFernwald $nMusikverlag Burkhard Muth 034D $a320 Seiten 034M $aIllustrationen 036E $aStudien, Beiträge und Materialien zur Leschetizky-Forschung $lBand 2 044K $REssipoff, Annette $#Leschetizky, Théodore $#Leschetizky, Th. $#Leschetitzky, Théodore $#Leszetycki, Teodor $#Leschetitzky, Theodor $#Leszetzcki, Theodor $#Leszetzki, Theodor $7120890143 $8Leschetizky, Theodor$Z1830-1915 [Tp1] $9088000273 045F $a780.9438609034 $eDDC23BSB 045F/01 $a780.9 045F/03 $f09034 045F/03 $f09041 045F/03 $g4386 045F/03 $g438 045F/03 $g436 lok: 52959853 24 exp: 52959853 24 1 #EPN 201B/01 $005-05-25 $t10:23:42.000 201C/01 $005-05-25 201U/01 $0utf8 203@/01 $01303784297 208@/01 $a05-05-25 $bz 209A/01 $aMus 5735 $du $f050 $hMus 5735 $x00 209C/01 $a25.02263 K $h25 02263 K 209G/01 $a74141706 $x00 220C/01 $asbl 247C/01 $8358050-7Marburg, Bibliothek des Herder-Instituts Marburg $9102600961
| LEADER | 00000nam a2200000 c 4500 | ||
|---|---|---|---|
| 001 | 529598531 | ||
| 003 | DE-603 | ||
| 005 | 20250505102031.0 | ||
| 007 | tu | ||
| 008 | 250505s2016 xx |||| | u00||u|ger c | ||
| 020 | |a 9783929379419 | ||
| 035 | |a (DE-599)HEB529598531 | ||
| 035 | |a (OCoLC)941729620 | ||
| 040 | |a DE-603 |b ger |c DE-603 |d DE-603 |e rda | ||
| 041 | |a ger | ||
| 082 | 0 | 4 | |8 1\u |a 780.9438609034 |q DE-101 |2 23/BSB |
| 085 | |8 1\u |b 780.9 | ||
| 085 | |8 1\u |z 1 |s 09034 | ||
| 085 | |8 1\u |z 1 |s 09041 | ||
| 085 | |8 1\u |z 2 |s 4386 | ||
| 085 | |8 1\u |z 2 |s 438 | ||
| 085 | |8 1\u |z 2 |s 436 | ||
| 100 | 1 | |a Potocka, Angela |c Gräfin |d 1850-1917 |e Verfasser |4 aut |0 (DE-603)358383323 |0 (DE-588)1070115908 |2 gnd | |
| 240 | 1 | 0 | |a Theodore Leschetizky |
| 245 | 0 | 0 | |a Theodor Leschetizky |b eine Studie des Menschen und Musikers aus persönlicher Bekanntschaft |c Angèle Potocka ; aus dem Amerikanischen ins Deutsche übertragen und kommentiert von Burkhard Muth |
| 250 | |a 2. rev. Auflage | ||
| 264 | 1 | |a Fernwald |b Musikverlag Burkhard Muth |c 2016 | |
| 300 | |a 320 Seiten |b Illustrationen | ||
| 336 | |a Text |b txt |2 rdacontent | ||
| 337 | |a ohne Hilfsmittel zu benutzen |b n |2 rdamedia | ||
| 338 | |a Band |b nc |2 rdacarrier | ||
| 490 | 0 | |a Studien, Beiträge und Materialien zur Leschetizky-Forschung |v Band 2 | |
| 600 | 1 | 7 | |a Leschetizky, Theodor |d 1830-1915 |0 (DE-588)120890143 |0 (DE-603)088000273 |2 gnd |
| 700 | 1 | |a Muth, Burkhard |d 1953- |e Übersetzer |4 trl |0 (DE-603)201110911 |0 (DE-588)135197198 |2 gnd | |
| 924 | 0 | |9 Mb 50 |a (DE-603)1303784297 |b DE-Mb50 |c HES |d c |g Mus 5735 | |


